The Day After Christmas Quiz Stats

 Plays Quiz Updated Dec 27, 2015

Challenge
Share
Tweet
Embed
Score 0/20 Timer 07:00
2 Plays Today
Events Answers % Correct
This couple announce the discovery of radium in 1898Pierre and Marie Curie
88.4%
This British Prime Minister became the first to address US Congress in 1941Winston Churchill
87.9%
This natural disaster killed 250,000 people in South East Asia in 2004Tsunami
87%
This US President died in 2006Gerald Ford
77.6%
In 1620 the Pilgrims reached land which would eventually become this stateMassachusetts
72.8%
This large US city was buried under 25.8 inches of snow in 1947, causing 80 deathsNew York
72.4%
This Chinese statesman was born in 1893Mao Zedong
68%
The song Purple Haze was released by this artist in 1966Jimi Hendrix
65.3%
The US government took control of this system of transportation in 1917Railroad
61.8%
This former Indian Prime Minister was released from prison in 1978Indira Gandhi
58.8%
Events Answers % Correct
The first of these annual African-American celebrations took place in 1966Kwanzaa
57.9%
This US President died in 1972Harry Truman
57.5%
This Shakespeare tragedy about a fictional British monarch was performed for the first time in King James' court in 1606King Lear
56.7%
The unofficial truce on this front ended in 1914Western Front
50.9%
This famous horror movie was released in 1973The Exorcist
43.9%
This Beatles song (with a 6-word title) was released in 1963 and later became their first single to top the US Billboard chartsI Want to Hold Your Hand
42.2%
This country's parliament voted itself out of existence in 1991Soviet Union
41.2%
This band's first US tour began in Denver in 1968, where concert-goers got Dazed and ConfusedLed Zeppelin
35.6%
In 1946, this mobster opens the Pink Flamingo Hotel in Nevada to a $300,000 loss in the first weekBugsy Siegel
34.2%
George Washington's army won this battle after he crossed the Delaware RiverBattle of Trenton
26.5%

You're not logged in!

Compare scores with friends on all Sporcle quizzes.
OR
Log In

You Might Also Like...

Show Comments

Extras

Top Quizzes Today


Score Distribution

Your Account Isn't Verified!

In order to create a playlist on Sporcle, you need to verify the email address you used during registration. Go to your Sporcle Settings to finish the process.

Report this User

Report this user for behavior that violates our Community Guidelines.

Details: